000 01445nam0a2200349 i 4500
001 RU\NLR\BIBL_A\010943482
005 20240921170026.0
010 _a9785990647947
_9500
021 _aRU
_b2015-94450
_95841
035 _a(NILC)RuMoRGB-008091341
035 _a(NLR Aleph) 010943482
090 _a10759476
_c10759476
100 _a20151223d2015 k y0rusy50 ca
101 0 _arus
102 _aRU
105 _ay|||z||||||y|
200 1 _aПроблемы назначения и исполнения наказания в виде ограничения свободы: особенности криминологического прогнозирования
_eмонография
_fС. А. Ходжалиев
210 _aКисловодск
_cМагистр
_d2015
215 _a179 с.
_d21
320 _aБиблиогр.: с. 163-179
333 _a16+
606 1 _aОграничение свободы
_xНазначение
_yРоссийская Федерация
_92265644
_3RU\NLR\AUTH\6601587680
606 1 _aНаказание в уголовном праве
_xИсполнение
_yРоссийская Федерация
_92251926
_3RU\NLR\AUTH\661350697
675 _a343
686 1 _aХ628.103-2
686 1 _aХ628.40-4
700 1 _aХоджалиев
_bС. А.
_gСалех Айсаевич
801 0 _aRU
_bРГБ
_c20151209
_gRCR
942 _cBOOK
980 _aNBR